Declaración de compromiso en la lucha contra el VIH SIDA /

Guardado en:
書目詳細資料
Autores Corporativos: ONUSIDA, UNICEF PNUD FNUAP PNUFID UNESCO OMS BANCO MUNDIAL
格式: Texto
出版: Nueva York: Departamento de Información de las Naciones Unidas
主題:
標簽: 添加標簽
沒有標簽, 成為第一個標記此記錄!

MARC

LEADER 00000 a a2200000 04500
001 28132
003
040
090 |a CIDCACS-CR: 187600  
110 |a ONUSIDA  
245 |a Declaración de compromiso en la lucha contra el VIH SIDA /  |c ONUSIDA  
260 |a Nueva York:   |b Departamento de Información de las Naciones Unidas  
300 |a 45 p  
650 |a VIH  
650 |a SIDA  
650 |a SALUD PUBLICA  
650 |a POLITICA DE SALUD  
650 |a ONU  
710 |a UNICEF   |a PNUD   |a FNUAP   |a PNUFID   |a UNESCO   |a OMS   |a BANCO MUNDIAL  
999 |c 10830  |d 10830